[Event "Ostroda op-B 4th"]
[Site "Ostroda"]
[Date "2007.08.10"]
[Round "7"]
[White "Marchlewicz, Damian"]
[Black "Mandziuk, Mariusz"]
[Result "1-0"]
[WhiteElo "1808"]
[BlackElo "1800"]
[PlyCount "125"]
[EventDate "2007.08.06"]
[EventType "swiss"]
[EventRounds "9"]
[EventCountry "POL"]
[SourceTitle "EXT 2023"]
[Source "ChessBase"]
[SourceDate "2022.10.05"]
[SourceVersion "1"]
[SourceVersionDate "2022.10.05"]
[SourceQuality "1"]

1. e4 e6 2. d4 d5 3. Nc3 Nf6 4. Bg5 Be7 5. e5 Nfd7 6. Bxe7 Qxe7 7. f4 a6 8. Nf3 c5 9. dxc5 Nc6 10. Bd3 Qxc5 11. Qd2 f6 12. exf6 Nxf6 13. h3 b5 14. a3 0-0 15. 0-0-0 Qd6 16. g4 b4 17. axb4 Qxb4 18. Nb1 Ne4 19. Bxe4 Qxe4 20. Ng5 Qxf4 21. Qxf4 Rxf4 22. Rhe1 Rf6 23. Re3 Bd7 24. Ne4 Rf7 25. Nc5 d4 26. Re4 e5 27. Na3 Be8 28. Nc4 Rf4 29. Rxf4 exf4 30. Ne6 Bf7 31. Nxd4 Bxc4 32. Nxc6 f3 33. Ne7+ Kf7 34. Nf5 Be2 35. Rh1 f2 36. Ng3 Bb5 37. b3 Kg8 38. c4 Bc6 39. Rf1 Rf8 40. Nf5 Re8 41. Rxf2 g6 42. Nd4 Bd7 43. Kb2 Re3 44. Rf3 Re5 45. Kc3 h5 46. Rf6 hxg4 47. hxg4 a5 48. Rxg6+ Kf7 49. Ra6 Bxg4 50. Nc6 Re3+ 51. Kb2 Bd1 52. Nxa5 Ke7 53. Ka3 Kd7 54. Kb4 Kc7 55. Ra7+ Kb6 56. Rd7 Bc2 57. c5+ Ka6 58. Rd6+ Ka7 59. Kc4 Bf5 60. b4 Bg4 61. Nc6+ Kb7 62. Nd4 Re4 63. Kb5 1-0